| 000 | 00720nab a2200217 4500 | ||
|---|---|---|---|
| 999 |
_c372379 _d372379 |
||
| 001 | 243149 | ||
| 003 | OSt | ||
| 005 | 20230420074859.0 | ||
| 007 | tu | ||
| 008 | 190708s2019||||||| | ||
| 040 |
_aDE-2950 _cDE-2950 |
||
| 041 | _ager | ||
| 084 | _a20. Wirtschaft und Verkehr | ||
| 245 | 0 | 0 |
_aEngagiert im Ehrenamt. _bStefan Hoffmann engagiert sich im IHK-Handelsausschuss. |
| 264 | _c2023 | ||
| 500 | _aFormat: 1 | ||
| 525 | _aEnthaltene Fotografien: Foto Grundsteinlegung | ||
| 653 | _aHoffmann, Stefan; Uhrmachermeister, Frankfurt (Oder) | ||
| 773 | 0 |
_g21. Jahrgang, 3/2023, 1.03.2023, S. 11 _tForum. Das Brandenburger Wirtschaftsmagazin, Organ der Industrie- und Handelskammer (IHK) Ostbrandenburg |
|
| 942 |
_2z _cA |
||